000 00228nam a22000857a 4500
999 _c11533
_d11533
008 190531b ||||| |||| 00| 0 eng d
100 _aRohit
_97245
245 _aCBSE Science Sample Papers-X
260 _aNew Delhi
_bRohit Publications